LEADER 01260cam0-22004691i-450- 001 990008111490403321 005 20150721140822.0 035 $a000811149 035 $aFED01000811149 035 $a(Aleph)000811149FED01 035 $a000811149 100 $a20050512d1968----km-y0itay50------ba 101 0 $aita 102 $aIT 105 $ay-------001yy 200 1 $aSindacato, industria, società$fFranco Ferrarotti 210 $aTorino$cUTET$d1968 215 $aXII, 774 p.$d25 cm 225 1 $aBiblioteca moderna di sociologia$v1 676 $a306.36$v11 rid.$zita 676 $a301 700 1$aFerrarotti,$bFranco$f<1926- >$025288 801 0$aIT$bUNINA$gRICA$2UNIMARC 901 $aBK 912 $a990008111490403321 952 $aDP VII - 153$b1206$fDEC 952 $aXI G F 6$bs.i.$fDFD 952 $aCOLLEZ. 398 (1)$b10499$fFSPBC 952 $aXV N 2$b129$fDTE 952 $aB-III-16$b80 Lav.$fDDRC 952 $a18100 FER$b2369/I$fSES 952 $aXI N 421 (1)$b93170$fFGBC 952 $aB-III-99$b724 Lav.$fDDRC 959 $aDEC 959 $aDFD 959 $aFSPBC 959 $aDTE 959 $aDDRC 959 $aSES 959 $aFGBC 996 $aSindacato, industria, società$9198231 997 $aUNINA LEADER 00834cam0-2200289 --450 001 9911020977603321 005 20250826114655.0 010 $a978-88-6783-441-9 020 $aIT$b2024-8154 100 $a20250826d2023----kmuy0itay5050 ba 101 0 $aita 102 $aIT 105 $aa 001yy 200 1 $aTecnocina$estoria della tecnologia cinese dal 1949 a oggi$fSimone Pieranni 210 $aTorino$cAdd$d2023 215 $a255 p.$cill.$d21 cm 225 1 $aAsia 610 0 $aSviluppo economico$aEffetti [del] Progresso tecnico$aCina$a1949-2023 676 $a338.951009045$v23$zita 700 1$aPieranni,$bSimone$0759285 801 0$aIT$bUNINA$gREICAT$2UNIMARC 901 $aBK 912 $a9911020977603321 952 $aSTO 595$b1566/2025$fFSPBC 959 $aFSPBC 996 $aTecnocina$94424110 997 $aUNINA